Tilastot visalle Afrikan pääkaupunkeja - monivalinta

Klikkaa tästä pelataksesi tätä visaa!

Yleistilastot

  • Tätä visaa on pelattu 47 kertaa
  • Keskiarvotulos 12 / 15

Vastaustilastot

KysymysVastaus% Oikein
TunisiaTunis
98%
EtiopiaAddis Abeba
93%
SambiaLusaka
93%
MarokkoRabat
88%
NigeriaAbuja
85%
GambiaBanjul
83%
MosambikMaputo
80%
NorsunluurannikkoYamoussoukro
80%
KamerunYaoundé
80%
GhanaAccra
78%
BurundiGitega
78%
EritreaAsmara
73%
MaliBamako
66%
SeychellitVictoria
66%
LesothoMaseru
63%

Tulosjakauma

Persentiili vastausten määrän mukaan

Jokaisen tuloksen saaneiden osuus

Tuloshistoriasi

Et ole pelannut tätä visaa